Capitales d'Asie - Quiz - désordre - Statistiques

Statistiques générales
  • Ce quiz a été pris 278 fois
  • Le résultat moyen est 40 sur 48
Statistiques - réponses
Pays Capitale % Correct
Japon Tokyo
99%
Chine Pékin
98%
Singapour Singapour
97%
Corée du Sud Séoul
96%
Turquie Ankara
95%
Inde New Delhi
95%
Irak Bagdad
92%
Thaïlande Bangkok
92%
Syrie Damas
92%
Iran Téhéran
92%
Liban Beyrouth
91%
Viêt Nam Hanoï
91%
Indonésie Jakarta
91%
Israël Jérusalem
90%
Koweït Koweït
90%
Émirats arabes unis Abou Dabi
89%
Afghanistan Kaboul
89%
Corée du Nord Pyongyang
89%
Pakistan Islamabad
88%
Philippines Manille
87%
Chypre Nicosie
87%
Taïwan Taipei
87%
Qatar Doha
86%
Mongolie Oulan-Bator
86%
Arabie saoudite Riyad
86%
Géorgie Tbilissi
86%
Arménie Erevan
84%
Népal Katmandou
83%
Malaisie Kuala Lumpur
83%
Laos Vientiane
83%
Cambodge Phnom Penh
82%
Azerbaïdjan Bakou
81%
Jordanie Amman
80%
Maldives Malé
79%
Timor oriental Dili
77%
Yémen Sanaa
76%
Kazakhstan Astana
74%
Bangladesh Dacca
74%
Oman Mascate
70%
Kirghizistan Bichkek
68%
Bhoutan Thimphou
68%
Sri Lanka Sri Jayawardenepura Kotte
67%
Birmanie Naypyidaw
66%
Bahreïn Manama
65%
Ouzbékistan Tachkent
64%
Brunei Bandar Seri Begawan
63%
Turkménistan Achgabat
59%
Tadjikistan Douchanbé
59%
Aucun quiz correspondant
Distribution des résultats
% des personnes avec chaque résultat
Percentile par nombre de réponses
Votre historique - résultats
Vous n’avez pas pris ce quiz